[Event "Guelph Pro-Am int. U2300"]
[Site "Guelph CAN"]
[Date "2004.08.01"]
[Round "8"]
[White "Joydev, Saha"]
[Black "Jung, Hans"]
[Result "1-0"]
[WhiteElo "2233"]
[BlackElo "2200"]
[PlyCount "109"]
[GameId "2160767911094819"]
[EventDate "2004.07.29"]
[EventType "swiss"]
[EventRounds "9"]
[EventCountry "CAN"]

1. e4 d5 2. exd5 Qxd5 3. Nc3 Qa5 4. d4 c6 5. Bc4 Nf6 6. Nf3 Bg4 7. h3 Bxf3 8. Qxf3 e6 9. O-O Bd6 10. Bf4 Bxf4 11. Qxf4 O-O 12. Rfe1 Nbd7 13. Rad1 Nd5 14. Nxd5 cxd5 15. Bb3 Nb6 16. Re5 Nd7 17. Rg5 g6 18. h4 Qd8 19. Rd3 Nf6 20. c4 h6 21. Re5 dxc4 22. Bxc4 Nd7 23. Rb5 Rc8 24. Qxh6 Qf6 25. Bb3 b6 26. h5 Qg7 27. Qd2 Rfe8 28. hxg6 fxg6 29. Rg3 Nf8 30. d5 Qc7 31. dxe6 Qc1+ 32. Qxc1 Rxc1+ 33. Kh2 Re7 34. Re5 Kg7 35. Rf3 Rcc7 36. Kg3 Nh7 37. Rf7+ Rxf7 38. exf7 Rd7 39. Re8 Nf8 40. Kf3 Rd3+ 41. Ke2 Rd7 42. Ke3 a5 43. a4 Rd6 44. f4 Rc6 45. g4 Rc5 46. Ke4 Rc6 47. f5 gxf5+ 48. gxf5 Rf6 49. Be6 Rh6 50. Ke5 Rh8 51. f6+ Kg6 52. Rxf8 Rxf8 53. Bd5 Rb8 54. Ke6 b5 55. axb5 1-0

[Event "Guelph Pro-Am int. U2300"]
[Site "Guelph CAN"]
[Date "2004.08.02"]
[Round "9"]
[White "Ellis, James"]
[Black "Joydev, Saha"]
[Result "0-1"]
[WhiteElo "2217"]
[BlackElo "2233"]
[PlyCount "44"]
[GameId "2160767911094820"]
[EventDate "2004.07.29"]
[EventType "swiss"]
[EventRounds "9"]
[EventCountry "CAN"]

1. e4 e5 2. Nf3 Nc6 3. Bb5 a6 4. Ba4 Nf6 5. O-O b5 6. Bb3 Be7 7. d4 exd4 8. e5 Ng4 9. Bf4 Bb7 10. c3 d6 11. exd6 cxd6 12. Nxd4 Nxd4 13. Qxd4 O-O 14. Nd2 Bf6 15. Qd3 Be5 16. Qg3 Nf6 17. Bd1 Qc7 18. Re1 Rad8 19. Bf3 Rfe8 20. Ne4 Bxe4 21. Bxe4 Nh5 22. Qh4 Nxf4 0-1

[Event "Guelph op"]
[Site "Guelph CAN"]
[Date "2004.07.28"]
[Round "1"]
[White "Barsov, Alexei"]
[Black "Dougherty, Michael"]
[Result "1-0"]
[WhiteElo "2497"]
[BlackElo "2229"]
[PlyCount "61"]
[GameId "2160767911094821"]
[EventDate "2004.07.28"]
[EventType "swiss"]
[EventRounds "9"]
[EventCountry "CAN"]
[SourceTitle "CBM 101 Extra"]
[Source "ChessBase"]
[SourceDate "2004.09.01"]
[SourceVersion "2"]
[SourceVersionDate "2004.09.01"]
[SourceQuality "1"]

1. d4 Nf6 2. c4 e6 3. Nc3 Bb4 4. Nf3 b6 5. Bg5 Bb7 6. e3 h6 7. Bh4 g5 8. Bg3 Ne4 9. Qc2 Bxc3+ 10. bxc3 d6 11. Nd2 f5 12. Nxe4 Bxe4 13. Qd1 Nd7 14. f3 Bb7 15. h4 Qf6 16. Qa4 Ke7 17. Rd1 a6 18. c5 Nxc5 19. dxc5 Qxc3+ 20. Rd2 bxc5 21. Bd3 Bd5 22. e4 fxe4 23. fxe4 Rab8 24. exd5 Rb2 25. O-O Qxd2 26. Qe4 e5 27. Be1 Qc1 28. Qg6 Qe3+ 29. Bf2 Rxf2 30. Rxf2 Re8 31. Qf6+ 1-0

[Event "Guelph op"]
[Site "Guelph CAN"]
[Date "2004.07.28"]
[Round "1"]
[White "Bolduc, Steve"]
[Black "Tyomkin, Dimitri"]
[Result "0-1"]
[WhiteElo "2255"]
[BlackElo "2498"]
[PlyCount "86"]
[GameId "2160767911094822"]
[EventDate "2004.07.28"]
[EventType "swiss"]
[EventRounds "9"]
[EventCountry "CAN"]
[SourceTitle "CBM 101 Extra"]
[Source "ChessBase"]
[SourceDate "2004.09.01"]
[SourceVersion "2"]
[SourceVersionDate "2004.09.01"]
[SourceQuality "1"]

1. d4 Nf6 2. c4 g6 3. Nc3 d5 4. Nf3 Bg7 5. Bg5 Ne4 6. cxd5 Nxg5 7. Nxg5 e6 8. Nf3 exd5 9. b4 O-O 10. e3 Be6 11. Be2 Nd7 12. Rc1 f5 13. Qc2 c6 14. O-O g5 15. Rfd1 g4 16. Ne1 f4 17. e4 f3 18. gxf3 gxf3 19. Bxf3 Qh4 20. Bg2 Nf6 21. Nf3 Qh5 22. Ne5 Bh6 23. Rd3 Bf4 24. Rg3+ Bxg3 25. hxg3 Nxe4 26. g4 Qg5 27. Nxe4 dxe4 28. Bxe4 Bxg4 29. Bxh7+ Kg7 30. Kf1 Bh3+ 31. Ke2 Bg4+ 32. Ke1 Rae8 33. Be4 Bf5 34. Bxf5 Rxf5 35. Ke2 Qg4+ 36. Kf1 Qh3+ 37. Ke1 Ref8 38. f3 Qh1+ 39. Kd2 Qg2+ 40. Kc3 Rxf3+ 41. Nxf3 Rxf3+ 42. Kc4 b5+ 43. Kc5 Rc3+ 0-1

[Event "Guelph op"]
[Site "Guelph CAN"]
[Date "2004.07.28"]
[Round "1"]
[White "Buscar, Michael"]
[Black "Jonkman, Harmen"]
[Result "0-1"]
[WhiteElo "2063"]
[BlackElo "2425"]
[PlyCount "50"]
[GameId "2160767911094823"]
[EventDate "2004.07.28"]
[EventType "swiss"]
[EventRounds "9"]
[EventCountry "CAN"]
[SourceTitle "CBM 101 Extra"]
[Source "ChessBase"]
[SourceDate "2004.09.01"]
[SourceVersion "2"]
[SourceVersionDate "2004.09.01"]
[SourceQuality "1"]

1. d4 d5 2. c4 dxc4 3. e3 e6 4. Bxc4 Nf6 5. Nc3 a6 6. Nf3 b5 7. Bd3 Bb7 8. a3 c5 9. O-O Nbd7 10. Re1 Rc8 11. e4 cxd4 12. Nxd4 Ne5 13. Be2 Nc4 14. Qd3 Qb6 15. Nb3 Bd6 16. Qf3 Be5 17. Bd3 O-O 18. Nd2 Nxb2 19. Bxb2 Bxc3 20. Bxc3 Rxc3 21. Re3 Rd8 22. Qg3 e5 23. Nf1 h6 24. Rd1 Rxa3 25. Qxe5 Ng4 0-1

[Event "Guelph op"]
[Site "Guelph CAN"]
[Date "2004.07.28"]
[Round "1"]
[White "Fedorowicz, John"]
[Black "Stevens, Christian"]
[Result "1-0"]
[WhiteElo "2520"]
[BlackElo "2266"]
[PlyCount "97"]
[GameId "2160767911094824"]
[EventDate "2004.07.28"]
[EventType "swiss"]
[EventRounds "9"]
[EventCountry "CAN"]
[SourceTitle "CBM 101 Extra"]
[Source "ChessBase"]
[SourceDate "2004.09.01"]
[SourceVersion "2"]
[SourceVersionDate "2004.09.01"]
[SourceQuality "1"]

1. d4 Nf6 2. c4 g6 3. Nf3 Bg7 4. g3 O-O 5. Bg2 d6 6. O-O Nc6 7. Nc3 a6 8. b3 Bd7 9. Nd5 Nh5 10. e3 Rb8 11. Bb2 b5 12. cxb5 axb5 13. Qd2 b4 14. e4 e6 15. Ne3 Nf6 16. Qc2 Na7 17. d5 e5 18. Nc4 Ne8 19. Nh4 Bf6 20. f4 exf4 21. Rxf4 Bxb2 22. Qxb2 g5 23. Nf5 Qf6 24. Qxf6 Nxf6 25. Rff1 Ne8 26. Nce3 f6 27. Nd4 Nb5 28. Nxb5 Rxb5 29. Rfc1 Rf7 30. Rc4 c5 31. dxc6 Be6 32. Rc2 Ra7 33. Rac1 Nc7 34. Nd5 Kf7 35. Rf1 Bxd5 36. exd5 Rba5 37. Rff2 Ra8 38. h4 gxh4 39. gxh4 R8a7 40. Rc4 Rb5 41. Be4 Ra8 42. Kh2 Re8 43. Rd4 Re5 44. Bd3 Rb8 45. Bf1 Ke7 46. Rg2 Ne8 47. Rg8 Kf7 48. Rgg4 f5 49. Rxb4 1-0

[Event "Guelph op"]
[Site "Guelph CAN"]
[Date "2004.07.28"]
[Round "1"]
[White "Hamilton, Robert"]
[Black "Kret, Ted"]
[Result "0-1"]
[WhiteElo "2349"]
[BlackElo "2143"]
[PlyCount "52"]
[GameId "2160767911094825"]
[EventDate "2004.07.28"]
[EventType "swiss"]
[EventRounds "9"]
[EventCountry "CAN"]
[SourceTitle "CBM 101 Extra"]
[Source "ChessBase"]
[SourceDate "2004.09.01"]
[SourceVersion "2"]
[SourceVersionDate "2004.09.01"]
[SourceQuality "1"]

1. d4 Nf6 2. c4 g6 3. Nc3 Bg7 4. Bg5 c5 5. dxc5 Qa5 6. Qd2 Na6 7. a3 Nxc5 8. Bxf6 Bxf6 9. b4 Na4 10. Nd5 Qxd5 11. Qxd5 Bxa1 12. f4 a5 13. Kf2 axb4 14. axb4 O-O 15. e4 Nc3 16. Qd3 Ra2+ 17. Ne2 d5 18. cxd5 Bg4 19. h3 Nxe2 20. Bxe2 Bxe2 21. Qe3 Rfa8 22. Re1 R8a3 23. Rxa1 Rxa1 24. Qb6 Bc4 25. g3 R1a2+ 26. Kg1 Rb2 0-1

[Event "Guelph op"]
[Site "Guelph CAN"]
[Date "2004.07.28"]
[Round "1"]
[White "Harper, Ryan"]
[Black "Burnett, Ronald"]
[Result "0-1"]
[WhiteElo "2207"]
[BlackElo "2439"]
[PlyCount "105"]
[GameId "2160767911094826"]
[EventDate "2004.07.28"]
[EventType "swiss"]
[EventRounds "9"]
[EventCountry "CAN"]
[SourceTitle "CBM 101 Extra"]
[Source "ChessBase"]
[SourceDate "2004.09.01"]
[SourceVersion "2"]
[SourceVersionDate "2004.09.01"]
[SourceQuality "1"]

1. e4 d6 2. d4 Nf6 3. Nc3 Nbd7 4. Nf3 c6 5. Be2 Qc7 6. O-O g6 7. h3 b5 8. a3 a6 9. Re1 e5 10. Be3 Bg7 11. Qd2 O-O 12. Bh6 Bb7 13. dxe5 dxe5 14. Qg5 Rfe8 15. Rad1 Nc5 16. Bxg7 Kxg7 17. Nh4 Ncxe4 18. Nf5+ Kh8 19. Nxe4 Nxe4 20. Qg4 Bc8 21. Qxe4 Bxf5 22. Qh4 Rad8 23. Qf6+ Kg8 24. Rxd8 Rxd8 25. Bf3 e4 26. g4 exf3 27. gxf5 Rf8 28. fxg6 fxg6 29. Re7 Rxf6 30. Rxc7 Rf5 31. Rxc6 Rg5+ 32. Kf1 Rh5 33. Rxa6 Rxh3 34. Ke1 g5 35. Kd2 Rh1 36. Rb6 g4 37. Rxb5 h5 38. a4 Kf7 39. Ke3 h4 40. Kf4 g3 41. Kxf3 Rf1 42. Rh5 Rxf2+ 43. Ke3 Rh2 44. Rf5+ Kg6 45. Rf1 Rxc2 46. Kf3 Kg5 47. a5 Rxb2 48. Ra1 Rf2+ 49. Ke3 Rf8 50. a6 g2 51. a7 h3 52. Rg1 Kg4 53. Ke2 0-1

[Event "Guelph op"]
[Site "Guelph CAN"]
[Date "2004.07.28"]
[Round "1"]
[White "Hutters, Tomas"]
[Black "Noritsyn, Nikolay"]
[Result "1-0"]
[WhiteElo "2425"]
[BlackElo "2175"]
[PlyCount "141"]
[GameId "2160767911094827"]
[EventDate "2004.07.28"]
[EventType "swiss"]
[EventRounds "9"]
[EventCountry "CAN"]
[SourceTitle "CBM 101 Extra"]
[Source "ChessBase"]
[SourceDate "2004.09.01"]
[SourceVersion "2"]
[SourceVersionDate "2004.09.01"]
[SourceQuality "1"]

1. d4 d5 2. c4 e6 3. Nf3 Nf6 4. g3 Be7 5. Bg2 O-O 6. O-O c5 7. cxd5 exd5 8. Nc3 Nc6 9. Bg5 c4 10. Ne5 Be6 11. Nxc6 bxc6 12. b3 cxb3 13. axb3 Bb4 14. Qc2 h6 15. Bd2 c5 16. Na4 Ne4 17. Bxe4 dxe4 18. Nxc5 Bxc5 19. dxc5 Bxb3 20. Qxb3 Qxd2 21. e3 a5 22. Rfd1 Qb4 23. Qxb4 axb4 24. Rab1 Rfb8 25. c6 Ra7 26. Rd4 b3 27. Rxe4 b2 28. Kg2 Rc7 29. Rc4 Rb6 30. g4 g6 31. h4 Kg7 32. Rc2 Rcxc6 33. Rxc6 Rxc6 34. Rxb2 Rc5 35. Rb7 h5 36. g5 Rc4 37. Kh3 Rc1 38. f3 Rh1+ 39. Kg2 Rxh4 40. e4 Kf8 41. Rb8+ Ke7 42. Rb1 f6 43. Rb7+ Kf8 44. gxf6 Rf4 45. e5 Rf5 46. Re7 g5 47. Kg3 Kg8 48. f4 Rxf4 49. Rg7+ Kf8 50. Rxg5 Rf1 51. Rxh5 Kf7 52. Rh7+ Kg6 53. Re7 Rf5 54. Kg4 Rf1 55. Rg7+ Kh6 56. Rc7 Kg6 57. Rc4 Kf7 58. Rf4 Re1 59. Kf5 Re2 60. Re4 Rf2+ 61. Kg4 Ke6 62. Kg5 Rg2+ 63. Rg4 Rf2 64. Kg6 Rf1 65. Rg5 Rf2 66. Kg7 Rf1 67. Rg6 Rf2 68. f7+ Ke7 69. e6 Rf1 70. Kg8 Rf2 71. Rg7 1-0

[Event "Guelph op"]
[Site "Guelph CAN"]
[Date "2004.07.28"]
[Round "1"]
[White "Lapshun, Yury"]
[Black "Filipovich, David"]
[Result "1-0"]
[WhiteElo "2444"]
[BlackElo "2210"]
[PlyCount "101"]
[GameId "2160767911094828"]
[EventDate "2004.07.28"]
[EventType "swiss"]
[EventRounds "9"]
[EventCountry "CAN"]
[SourceTitle "CBM 101 Extra"]
[Source "ChessBase"]
[SourceDate "2004.09.01"]
[SourceVersion "2"]
[SourceVersionDate "2004.09.01"]
[SourceQuality "1"]

1. b4 d5 2. Bb2 Nf6 3. e3 c6 4. f4 Bg4 5. Nf3 e6 6. a3 a5 7. b5 cxb5 8. Bxb5+ Nc6 9. c4 dxc4 10. Qa4 Bxf3 11. gxf3 Rc8 12. Nc3 Be7 13. Rc1 O-O 14. Bxc4 Nd5 15. Qb3 Bh4+ 16. Kf1 Bf6 17. Rg1 Nxc3 18. Bxc3 Bxc3 19. Qxc3 g6 20. Rb1 Rc7 21. Ke2 Qh4 22. Rg2 Rfc8 23. d3 Nb4 24. axb4 b5 25. bxa5 bxc4 26. d4 Qh3 27. Kf2 Qf5 28. Rgg1 Qh3 29. Rh1 Qh4+ 30. Kg2 Rd7 31. a6 Qe7 32. Rb6 Ra7 33. Rhb1 Qc7 34. R1b4 Rca8 35. Kg3 Rxa6 36. Rxa6 Rxa6 37. Rxc4 Qa5 38. Qxa5 Rxa5 39. Rc3 Kf8 40. h4 Ke7 41. Kg4 Ra1 42. Kg5 Rg1+ 43. Kh6 Rh1 44. Kxh7 Rxh4+ 45. Kg7 Rh3 46. e4 f5 47. e5 Rg3 48. Ra3 g5 49. Ra7+ Ke8 50. fxg5 Rxf3 51. Kf6 1-0

[Event "Guelph op"]
[Site "Guelph CAN"]
[Date "2004.07.28"]
[Round "1"]
[White "Ochkoos, Jura"]
[Black "Arencibia Rodriguez, Walter"]
[Result "1/2-1/2"]
[WhiteElo "2299"]
[BlackElo "2531"]
[PlyCount "91"]
[GameId "2160767911094830"]
[EventDate "2004.07.28"]
[EventType "swiss"]
[EventRounds "9"]
[EventCountry "CAN"]
[SourceTitle "CBM 101 Extra"]
[Source "ChessBase"]
[SourceDate "2004.09.01"]
[SourceVersion "2"]
[SourceVersionDate "2004.09.01"]
[SourceQuality "1"]

1. e4 e5 2. Nf3 Nc6 3. d4 exd4 4. Nxd4 Nf6 5. Nxc6 bxc6 6. e5 Qe7 7. Qe2 Nd5 8. c4 Nb6 9. b3 a5 10. Bb2 a4 11. Qe3 d5 12. exd6 Qxe3+ 13. fxe3 cxd6 14. Be2 d5 15. Nd2 Be6 16. Kf2 Bb4 17. cxd5 Nxd5 18. Nc4 O-O 19. Rac1 axb3 20. axb3 f6 21. Bd4 Rfb8 22. Ra1 Rxa1 23. Rxa1 Bf8 24. Ra6 Nb4 25. Ra7 c5 26. Bb2 Bf5 27. Nd2 Nd3+ 28. Bxd3 Bxd3 29. Ba3 Bc2 30. Ra5 Rd8 31. Nf3 Rc8 32. Nd2 h5 33. Kf3 g5 34. Ke2 g4 35. h3 gxh3 36. gxh3 Bf5 37. h4 Rc7 38. Kf3 Bg4+ 39. Kf2 f5 40. Nf3 Bxf3 41. Kxf3 Kf7 42. Kf4 Bh6+ 43. Kxf5 Bxe3 44. Ra6 Rb7 45. Rf6+ Kg8 46. Ra6 1/2-1/2

[Event "Guelph op"]
[Site "Guelph CAN"]
[Date "2004.07.28"]
[Round "1"]
[White "Peng, David Yu"]
[Black "Quan Zhe"]
[Result "0-1"]
[WhiteElo "2038"]
[BlackElo "2324"]
[PlyCount "122"]
[GameId "2160767911094831"]
[EventDate "2004.07.28"]
[EventType "swiss"]
[EventRounds "9"]
[EventCountry "CAN"]
[SourceTitle "CBM 101 Extra"]
[Source "ChessBase"]
[SourceDate "2004.09.01"]
[SourceVersion "2"]
[SourceVersionDate "2004.09.01"]
[SourceQuality "1"]

1. Nf3 Nf6 2. b3 g6 3. Bb2 Bg7 4. e3 O-O 5. d4 b6 6. Nbd2 Bb7 7. c4 e6 8. Be2 c5 9. O-O d6 10. Qc2 Qc7 11. dxc5 bxc5 12. Rfd1 Nbd7 13. Bc3 Qc6 14. Rab1 Rab8 15. b4 cxb4 16. Bxb4 Ba8 17. Ne1 Rfc8 18. Bf3 d5 19. Bc3 Rxb1 20. Qxb1 Qa6 21. cxd5 Bxd5 22. Bxd5 Nxd5 23. Bxg7 Kxg7 24. Qb2+ Kg8 25. Nb3 N7b6 26. Rc1 Na4 27. Rxc8+ Qxc8 28. Qc2 Qa8 29. Qd3 Qc8 30. Qc2 Nac3 31. Nd3 Qa6 32. Nbc1 Qd6 33. g3 e5 34. Ne2 Nxe2+ 35. Qxe2 Nc3 36. Qc2 Nxa2 37. Qxa2 Qxd3 38. Qxa7 Qd6 39. Qb7 Kg7 40. h4 Qe6 41. Kg2 e4 42. Qb4 Qf5 43. Qd4+ Kh6 44. Qh8 Qf3+ 45. Kg1 Kh5 46. Qc8 f5 47. Qc1 Kg4 48. Qf1 f4 49. exf4 e3 50. Qe1 exf2+ 51. Qxf2 Qxg3+ 52. Qxg3+ Kxg3 53. h5 Kxf4 54. hxg6 hxg6 55. Kf2 g5 56. Kg2 Kg4 57. Kh2 Kf3 58. Kh3 g4+ 59. Kh2 Kf2 60. Kh1 Kg3 61. Kg1 Kh3 0-1

[Event "Guelph op"]
[Site "Guelph CAN"]
[Date "2004.07.28"]
[Round "1"]
[White "Predescu, Sebastian"]
[Black "Tseitlin, Mark D"]
[Result "0-1"]
[WhiteElo "2221"]
[BlackElo "2484"]
[PlyCount "100"]
[GameId "2160767911094832"]
[EventDate "2004.07.28"]
[EventType "swiss"]
[EventRounds "9"]
[EventCountry "CAN"]
[SourceTitle "CBM 101 Extra"]
[Source "ChessBase"]
[SourceDate "2004.09.01"]
[SourceVersion "2"]
[SourceVersionDate "2004.09.01"]
[SourceQuality "1"]

1. e4 c5 2. Nf3 Nc6 3. d4 cxd4 4. Nxd4 Nf6 5. Nc3 d6 6. Bc4 e6 7. Bb3 Be7 8. Be3 O-O 9. f4 Bd7 10. O-O Nxd4 11. Bxd4 Bc6 12. Qe2 b5 13. Nxb5 Bxe4 14. Nxa7 Bb7 15. Nb5 d5 16. a4 g6 17. Qe3 Ba6 18. Rfe1 Ne4 19. Nc3 f5 20. Nxe4 fxe4 21. Qh3 Bc8 22. Qe3 Qc7 23. g3 Ba6 24. Rac1 Bc4 25. Bxc4 Qxc4 26. b3 Qb4 27. c4 Rac8 28. c5 Rc6 29. Rc3 Rfc8 30. Rec1 Kf7 31. Kg2 Bf6 32. Rd1 Rxc5 33. Rxc5 Bxd4 34. Qxd4 Qxd4 35. Rxd4 Rxc5 36. Rd2 Ke7 37. Kf2 Kd6 38. b4 Rc3 39. Rb2 Ra3 40. a5 d4 41. Ke2 h5 42. Ke1 h4 43. gxh4 e5 44. fxe5+ Kxe5 45. b5 e3 46. Rb1 Ra2 47. a6 d3 48. Kf1 Kf4 49. b6 Kf3 50. b7 e2+ 0-1

[Event "Guelph op"]
[Site "Guelph CAN"]
[Date "2004.07.28"]
[Round "1"]
[White "Thavandiran, Shiyam"]
[Black "Livshits, Ron"]
[Result "0-1"]
[WhiteElo "2103"]
[BlackElo "2349"]
[PlyCount "94"]
[GameId "2160767911094833"]
[EventDate "2004.07.28"]
[EventType "swiss"]
[EventRounds "9"]
[EventCountry "CAN"]
[SourceTitle "CBM 101 Extra"]
[Source "ChessBase"]
[SourceDate "2004.09.01"]
[SourceVersion "2"]
[SourceVersionDate "2004.09.01"]
[SourceQuality "1"]

1. e4 c5 2. Nf3 d6 3. d4 cxd4 4. Nxd4 Nf6 5. Nc3 a6 6. Be3 Ng4 7. Bg5 h6 8. Bh4 g5 9. Bg3 Bg7 10. Be2 h5 11. Bxg4 Bxg4 12. f3 Bd7 13. a4 Nc6 14. Bf2 e6 15. Nxc6 Bxc6 16. Bd4 Be5 17. O-O Qf6 18. Ne2 g4 19. Bxe5 Qxe5 20. Qd4 gxf3 21. Qxe5 dxe5 22. gxf3 Rd8 23. Kf2 Rd2 24. Rfc1 Ke7 25. Ke3 Rhd8 26. b4 f5 27. exf5 exf5 28. f4 exf4+ 29. Nxf4 Rxh2 30. c4 Kf6 31. b5 axb5 32. axb5 Be4 33. Rg1 Rc2 34. Rg6+ Kf7 35. Rag1 Rc3+ 36. Ke2 Bf3+ 37. Kf2 Bg4 38. Rg7+ Kf6 39. Rg6+ Ke5 40. Nd5 Rxc4 41. Ne3 Rd2+ 42. Ke1 Re2+ 43. Kd1 Rxe3+ 44. Kd2 Re2+ 45. Kd3 Rd4+ 46. Kc3 Re3+ 47. Kc2 Bf3 0-1

[Event "Guelph op"]
[Site "Guelph CAN"]
[Date "2004.07.29"]
[Round "2"]
[White "Arencibia Rodriguez, Walter"]
[Black "Henry, Liam"]
[Result "1-0"]
[WhiteElo "2530"]
[BlackElo "2038"]
[PlyCount "45"]
[GameId "2160767911094834"]
[EventDate "2004.07.28"]
[EventType "swiss"]
[EventRounds "9"]
[EventCountry "CAN"]
[SourceTitle "CBM 101 Extra"]
[Source "ChessBase"]
[SourceDate "2004.09.01"]
[SourceVersion "2"]
[SourceVersionDate "2004.09.01"]
[SourceQuality "1"]

1. d4 Nf6 2. Nf3 g6 3. Nc3 d5 4. Bf4 Bg7 5. Nb5 Na6 6. e3 O-O 7. Be2 c6 8. Nc3 c5 9. Ne5 cxd4 10. exd4 Nb4 11. O-O Nc6 12. Re1 Qb6 13. Nxc6 bxc6 14. Na4 Qa5 15. c3 Nd7 16. Bg4 f5 17. Bf3 Re8 18. b4 Qd8 19. Re6 Nb6 20. Rxc6 Bd7 21. Nxb6 Bxc6 22. Nxa8 Bxa8 23. Qa4 1-0

[Event "Guelph op"]
[Site "Guelph CAN"]
[Date "2004.07.29"]
[Round "2"]
[White "Burnett, Ronald"]
[Black "Moiseenko, Alexander"]
[Result "0-1"]
[WhiteElo "2439"]
[BlackElo "2640"]
[PlyCount "46"]
[GameId "2160767911094835"]
[EventDate "2004.07.28"]
[EventType "swiss"]
[EventRounds "9"]
[EventCountry "CAN"]
[SourceTitle "CBM 101 Extra"]
[Source "ChessBase"]
[SourceDate "2004.09.01"]
[SourceVersion "2"]
[SourceVersionDate "2004.09.01"]
[SourceQuality "1"]

1. e4 c5 2. Nf3 Nc6 3. Bb5 e6 4. O-O Nge7 5. c3 a6 6. Ba4 c4 7. Bc2 Ng6 8. b3 b5 9. a4 Bb7 10. d4 cxd3 11. Bxd3 b4 12. Bb2 Bc5 13. Nbd2 O-O 14. Rc1 d6 15. Nc4 Qe7 16. Nd4 bxc3 17. Nxc6 Bxc6 18. Bxc3 Rab8 19. Qd2 d5 20. Ne5 Ba8 21. Nxg6 hxg6 22. exd5 Bxd5 23. Bxa6 Rxb3 0-1

[Event "Guelph op"]
[Site "Guelph CAN"]
[Date "2004.07.29"]
[Round "2"]
[White "Divljan, Igor"]
[Black "Peng, David Yu"]
[Result "1-0"]
[WhiteElo "2319"]
[BlackElo "2038"]
[PlyCount "81"]
[GameId "2160767911094836"]
[EventDate "2004.07.28"]
[EventType "swiss"]
[EventRounds "9"]
[EventCountry "CAN"]
[SourceTitle "CBM 101 Extra"]
[Source "ChessBase"]
[SourceDate "2004.09.01"]
[SourceVersion "2"]
[SourceVersionDate "2004.09.01"]
[SourceQuality "1"]

1. d4 e6 2. c4 f5 3. g3 d5 4. Bg2 Nf6 5. Nf3 c6 6. O-O Be7 7. Nbd2 O-O 8. b3 Ne4 9. Qc2 Nd7 10. Bb2 Qe8 11. Ne5 Qh5 12. Nxd7 Bxd7 13. f3 Nxd2 14. Qxd2 f4 15. e3 fxg3 16. hxg3 Bd6 17. f4 g5 18. Bf3 Qh6 19. Qh2 Qg7 20. Kf2 Be8 21. Rh1 Bg6 22. Qh6 Qxh6 23. Rxh6 Rf7 24. Kg2 a5 25. c5 Bf8 26. Rh2 Be7 27. Bc3 Bd8 28. Kf2 b6 29. cxb6 Bxb6 30. Bh5 e5 31. Bxg6 hxg6 32. Rah1 Rff8 33. Rh8+ Kf7 34. Rxf8+ Rxf8 35. fxe5 Kg7+ 36. Ke2 Bd8 37. Rc1 g4 38. Be1 Rh8 39. Rxc6 Rh2+ 40. Bf2 Bh4 41. Kf1 1-0

[Event "Guelph op"]
[Site "Guelph CAN"]
[Date "2004.07.29"]
[Round "2"]
[White "Dougherty, Michael"]
[Black "Buscar, Michael"]
[Result "1-0"]
[WhiteElo "2229"]
[BlackElo "2063"]
[PlyCount "61"]
[GameId "2160767911094837"]
[EventDate "2004.07.28"]
[EventType "swiss"]
[EventRounds "9"]
[EventCountry "CAN"]
[SourceTitle "CBM 101 Extra"]
[Source "ChessBase"]
[SourceDate "2004.09.01"]
[SourceVersion "2"]
[SourceVersionDate "2004.09.01"]
[SourceQuality "1"]

1. Nf3 d5 2. d4 e6 3. c4 c5 4. cxd5 exd5 5. g3 Nc6 6. Bg2 Nf6 7. O-O Be7 8. Bg5 O-O 9. Nc3 c4 10. Ne5 Be6 11. b3 Qa5 12. Qd2 Bb4 13. Nxc6 bxc6 14. Bxf6 gxf6 15. Rfc1 Rac8 16. bxc4 dxc4 17. a3 Be7 18. e4 Rcd8 19. d5 Bc8 20. Qh6 Rd6 21. dxc6 f5 22. Qf4 fxe4 23. Bxe4 Be6 24. Rab1 Rfd8 25. c7 Rc8 26. Rb5 Qxa3 27. Rh5 a6 28. Rxh7 Bf6 29. Ne2 Bd7 30. Qh6 Bb2 31. Rh8+ 1-0

[Event "Guelph op"]
[Site "Guelph CAN"]
[Date "2004.07.29"]
[Round "2"]
[White "Filipovich, David"]
[Black "Bolduc, Steve"]
[Result "1/2-1/2"]
[WhiteElo "2210"]
[BlackElo "2255"]
[PlyCount "37"]
[GameId "2160767911094838"]
[EventDate "2004.07.28"]
[EventType "swiss"]
[EventRounds "9"]
[EventCountry "CAN"]
[SourceTitle "CBM 101 Extra"]
[Source "ChessBase"]
[SourceDate "2004.09.01"]
[SourceVersion "2"]
[SourceVersionDate "2004.09.01"]
[SourceQuality "1"]

1. Nf3 Nf6 2. g3 b6 3. Bg2 Bb7 4. O-O e6 5. c4 c5 6. Nc3 Be7 7. d4 cxd4 8. Qxd4 d6 9. Rd1 a6 10. b3 Nbd7 11. e4 Qb8 12. Ba3 Nc5 13. e5 dxe5 14. Qxe5 Qxe5 15. Nxe5 Bxg2 16. Kxg2 Rc8 17. f4 Ncd7 18. Nxd7 Nxd7 19. Bb2 1/2-1/2

[Event "Guelph op"]
[Site "Guelph CAN"]
[Date "2004.07.29"]
[Round "2"]
[White "Jonkman, Harmen"]
[Black "Fedorowicz, John"]
[Result "1/2-1/2"]
[WhiteElo "2425"]
[BlackElo "2520"]
[PlyCount "26"]
[GameId "2160767911094839"]
[EventDate "2004.07.28"]
[EventType "swiss"]
[EventRounds "9"]
[EventCountry "CAN"]
[SourceTitle "CBM 101 Extra"]
[Source "ChessBase"]
[SourceDate "2004.09.01"]
[SourceVersion "2"]
[SourceVersionDate "2004.09.01"]
[SourceQuality "1"]

1. e4 c5 2. c3 d5 3. exd5 Qxd5 4. d4 Nf6 5. Nf3 Bg4 6. dxc5 Qxc5 7. Na3 Nbd7 8. h3 Be6 9. Bd3 Bd5 10. O-O e6 11. Bf4 a6 12. Qe2 Bd6 13. Bxd6 Qxd6 1/2-1/2

[Event "Guelph op"]
[Site "Guelph CAN"]
[Date "2004.07.29"]
[Round "2"]
[White "Kret, Ted"]
[Black "Lapshun, Yury"]
[Result "0-1"]
[WhiteElo "2143"]
[BlackElo "2444"]
[PlyCount "38"]
[GameId "2160767911094840"]
[EventDate "2004.07.28"]
[EventType "swiss"]
[EventRounds "9"]
[EventCountry "CAN"]
[SourceTitle "CBM 101 Extra"]
[Source "ChessBase"]
[SourceDate "2004.09.01"]
[SourceVersion "2"]
[SourceVersionDate "2004.09.01"]
[SourceQuality "1"]

1. d4 Nf6 2. c4 c5 3. d5 e6 4. Nc3 exd5 5. cxd5 Bd6 6. g3 O-O 7. Bg2 Re8 8. e4 b5 9. Bg5 Nxe4 10. Bxd8 Nxc3+ 11. Ne2 Nxd1 12. Kxd1 Rxd8 13. Nc3 a6 14. Re1 Bb7 15. Rc1 Bf8 16. Rc2 d6 17. Rce2 Nd7 18. g4 Ne5 19. g5 Nd3 0-1

[Event "Guelph op"]
[Site "Guelph CAN"]
[Date "2004.07.29"]
[Round "2"]
[White "Livshits, Ron"]
[Black "Barsov, Alexei"]
[Result "0-1"]
[WhiteElo "2346"]
[BlackElo "2497"]
[PlyCount "46"]
[GameId "2160767911094841"]
[EventDate "2004.07.28"]
[EventType "swiss"]
[EventRounds "9"]
[EventCountry "CAN"]
[SourceTitle "CBM 101 Extra"]
[Source "ChessBase"]
[SourceDate "2004.09.01"]
[SourceVersion "2"]
[SourceVersionDate "2004.09.01"]
[SourceQuality "1"]

1. d4 d5 2. c4 e6 3. Nc3 Be7 4. Nf3 Nf6 5. Bg5 h6 6. Bxf6 Bxf6 7. e3 O-O 8. Rc1 c6 9. Bd3 Nd7 10. O-O dxc4 11. Bxc4 e5 12. h3 exd4 13. exd4 Nb6 14. Bb3 a5 15. Re1 Bf5 16. Ne5 Bxe5 17. Rxe5 Bh7 18. a3 Qh4 19. Qd2 a4 20. Ba2 Rad8 21. Rd1 Bg6 22. Qe3 Rd7 23. Kh2 Qd8 0-1